Americké prezidentské voľby 2012 bakalárska práca

Na minha lista:
Detalhes bibliográficos
Autor principal: Hupková, Veronika
Autor Corporativo: Fakulta medzinárodných vzťahov EU. Katedra medzinárodných politických vzťahov
Outros Autores: Kucharčík, Rudolf, 1977-
Formato: Livro
Idioma:eslovaco
Publicado em: Bratislava 2013
Tags: Adicionar Tag
Sem tags, seja o primeiro a adicionar uma tag!

MARC

LEADER 00000nbm a2200000 4500
001 0242069
005 20180417102359.5
041 0 |a slo 
044 |a SK 
245 1 0 |a Americké prezidentské voľby 2012  |b bakalárska práca  |c Veronika Hupková ; školiteľ: Rudolf Kucharčík 
264 1 |a Bratislava  |c 2013 
300 |a 58 s. 
100 1 |a Hupková, Veronika 
700 1 |a Kucharčík, Rudolf, 1977- 
710 2 |a Fakulta medzinárodných vzťahov EU. Katedra medzinárodných politických vzťahov